| 000 | 01811namaa22003611i 4500 | ||
|---|---|---|---|
| 003 | EG-GICUC | ||
| 005 | 20260304122556.0 | ||
| 008 | 260304s1997 uk ||||jr|||| 000 0 ara d | ||
| 017 |
_a1999 / 10 / 1815 _bالمكتبة الوطنية (المملكة المتحدة) |
||
| 020 | _a1873992432 | ||
| 040 |
_aEG-GiCUC _bara _cEG-GiCUC _dEG-GiCUC _erda |
||
| 082 | 0 | 4 |
_221 _a091.1 _bM9922 |
| 092 | 0 | 4 |
_221 _a091.1 _bM9922 |
| 099 | _a091.1 M9922 1997 | ||
| 100 | 1 | _eمؤلف. | |
| 111 |
_aتحقيق مخطوطات العلوم فى التراث الاسلامى _cومبلدن-المملكة المتحدة _d29-30 نوفمبر 1997 _nالمؤتمر الرابع |
||
| 245 | 1 | 0 |
_aتحقيق مخطوطات العلوم فى التراث الاسلامى : _bأبحاث المؤتمر الرابع لمؤسسة الفرقان 29-30 نوفمبر1997 / _cتحرير إبراهيم شبوح ؛ تقديم احمد زكى يمانى |
| 264 |
_aومبلدن (المملكة المتحدة) : _bمؤسسة الفرقان للتراث الاسلامي، _c1997. |
||
| 300 |
_a350 : صفحة _bإيضاحيات، _c24 سم |
||
| 336 |
_2rdacontent _atext |
||
| 337 |
_2rdamedia _aUnmediated |
||
| 338 |
_2rdacarrier _avolume |
||
| 490 |
_aسلسلة مؤتمرات الفرقان ؛ _aمنشورات الفرقان ؛ _v43 |
||
| 504 | _aيشتمل على ارجاعات ببليوجرافية | ||
| 541 |
_aد. جابر عصفور ؛ _bالقاهرة ؛ _cإهداء ؛ _d2024. |
||
| 650 | 1 | 7 |
_aالمخطوطات العربية _xتحقيق _2qrmak _vمؤتمرات |
| 650 | 1 | 7 |
_aالمخطوطات الاسلامية _2qrmak _vمؤتمرات |
| 651 | 1 | _2qrmak | |
| 700 | 1 |
_aشبوح، إبراهيم _eمحرر. |
|
| 700 | 1 |
_aيمانى، أحمد زكى _eمقدم. |
|
| 905 | _aNermeen | ||
| 942 |
_2ddc _cBK _e21 _n0 |
||
| 999 |
_c178872 _d178872 |
||